000 01499nam a2200373 i 4500
001 10851
003 KOSZ 005
005 20200630132820.0
008 070925s1968 pl a f 001 0 pol
015 _aPB 1968/6780
040 _aWA N
_cKOSZ 005/RW
_dKOSZ 005/RW
_dKOSZ 005/HR
046 _k1968
080 _a51
080 _a(07)
245 0 0 _aNowoczesna matematyka dla inżynierów.
_nCz. 2. /
_cred. E. F. Beckenbach ; [aut. Magnus R. Hestenes et al. ; tł. Tadeusz Czechowski, Adam Piskorek, Stanisław Przeździecki].
246 1 _iTyt. oryg.:
_aModern mathematics for the engineer.
260 _aWarszawa :
_bPaństwowe Wydawnictwo Naukowe,
_c1968.
300 _a581, [3] s. :
_bil. ;
_c23 cm.
380 _aKsiążki.
388 _a1901-
490 1 _aBiblioteka Naukowa Inżyniera.
504 _aBibliogr. przy rozdz. Indeks.
650 4 _aMatematyka
655 4 _aPodręcznik
700 1 _aHestenes, Magnus Rudolph
_d(1906- ).
_eAutor
700 1 _aBeckenbach, Edwin Ford (1906-1982).
_eRedakcja
700 1 _aCzechowski, Tadeusz
_d(1914-2002).
_eTłumaczenie
700 1 _aPiskorek, Adam (1928- ).
_eTłumaczenie
700 1 _aPrzeździecki, Stanisław
_c(elektrotechnik)
_eTłumaczenie
710 2 _aPaństwowe Wydawnictwo Naukowe
_4pbl.
856 _uhttp://koha.tu.koszalin.pl/cgi-bin/koha/opac-detail.pl?biblionumber=10851
_yKatalog online BPK
830 0 _aBNI Biblioteka Naukowa Inżyniera
942 _2UKD
_cKS
999 _c10851
_d10851